[Event "April 9 Early 2024"]
[Site "Chess.com"]
[Date "2024.04.09"]
[Round "11"]
[White "Dinu, Dumitru-Daniel"]
[Black "Molina, Roberto Junio Brito"]
[Result "0-1"]
[Board "46"]
[WhiteFideId "1208403"]
[BlackFideId "2109450"]
[WhiteTitle "FM"]
[BlackTitle "IM"]
[WhiteElo "2625"]
[BlackElo "2856"]
[WhiteTeam "ROU"]
[BlackTeam "BRA"]
[WhiteClock "0:00:06"]
[BlackClock "0:00:26"]
[Variant "Standard"]

1. e4 {[%clk 0:03:00]}  c6 {[%clk 0:03:00]} 2. Nf3 {[%clk 0:03:00]}  d5 {[%clk 0:03:01]} 3. exd5 {[%clk 0:03:00]}  cxd5 {[%clk 0:03:02]} 4. Ne5 {[%clk 0:03:01]}  Nc6 {[%clk 0:03:01]} 5. d4 {[%clk 0:03:01]}  Nf6 {[%clk 0:02:58]} 6. Bb5 {[%clk 0:02:58]}  Bd7 {[%clk 0:02:58]} 7. Nxd7 {[%clk 0:02:58]}  Qxd7 {[%clk 0:02:59]} 8. c3 {[%clk 0:02:58]}  e6 {[%clk 0:02:59]} 9. O-O {[%clk 0:02:58]}  Be7 {[%clk 0:02:59]} 10. Nd2 {[%clk 0:02:56]}  O-O {[%clk 0:02:59]} 11. Re1 {[%clk 0:02:54]}  Qc7 {[%clk 0:02:59]} 12. Bd3 {[%clk 0:02:53]}  Rab8 {[%clk 0:02:59]} 13. Nf3 {[%clk 0:02:50]}  b5 {[%clk 0:02:59]} 14. a3 {[%clk 0:02:50]}  a5 {[%clk 0:02:59]} 15. Qe2 {[%clk 0:02:49]}  b4 {[%clk 0:02:59]} 16. axb4 {[%clk 0:02:40]}  axb4 {[%clk 0:03:00]} 17. Bg5 {[%clk 0:02:37]}  bxc3 {[%clk 0:02:59]} 18. bxc3 {[%clk 0:02:37]}  Nh5 {[%clk 0:02:49]} 19. Bxe7 {[%clk 0:02:32]}  Qxe7 {[%clk 0:02:47]} 20. g3 {[%clk 0:02:26]}  g6 {[%clk 0:02:44]} 21. Rab1 {[%clk 0:02:17]}  Rxb1 {[%clk 0:02:43]} 22. Rxb1 {[%clk 0:02:17]}  Rc8 {[%clk 0:02:42]} 23. c4 {[%clk 0:02:11]}  dxc4 {[%clk 0:02:40]} 24. Bxc4 {[%clk 0:02:11]}  Qd6 {[%clk 0:02:38]} 25. Rd1 {[%clk 0:02:05]}  Nf6 {[%clk 0:02:36]} 26. Qe3 {[%clk 0:01:31]}  Rc7 {[%clk 0:02:09]} 27. Bf1 {[%clk 0:01:19]}  Nd5 {[%clk 0:02:08]} 28. Qh6 {[%clk 0:01:19]}  Qf8 {[%clk 0:02:07]} 29. Qh4 {[%clk 0:01:14]}  Qd8 {[%clk 0:02:01]} 30. Qh6 {[%clk 0:01:08]}  Qf8 {[%clk 0:01:57]} 31. Qh4 {[%clk 0:01:07]}  Nce7 {[%clk 0:01:57]} 32. Ng5 {[%clk 0:01:03]}  h6 {[%clk 0:01:56]} 33. Ne4 {[%clk 0:01:04]}  Nf5 {[%clk 0:01:56]} 34. Qg4 {[%clk 0:00:59]}  Nd6 {[%clk 0:01:42]} 35. Nxd6 {[%clk 0:00:55]}  Qxd6 {[%clk 0:01:42]} 36. Bd3 {[%clk 0:00:54]}  Kg7 {[%clk 0:01:42]} 37. Re1 {[%clk 0:00:53]}  Nf6 {[%clk 0:01:34]} 38. Qf3 {[%clk 0:00:50]}  Qxd4 {[%clk 0:01:32]} 39. Rd1 {[%clk 0:00:47]}  Qe5 {[%clk 0:01:26]} 40. Bf1 {[%clk 0:00:43]}  h5 {[%clk 0:01:25]} 41. Bg2 {[%clk 0:00:42]}  Ng4 {[%clk 0:01:23]} 42. h3 {[%clk 0:00:34]}  Nh6 {[%clk 0:01:23]} 43. Qd3 {[%clk 0:00:28]}  Nf5 {[%clk 0:01:22]} 44. Qd2 {[%clk 0:00:27]}  h4 {[%clk 0:01:10]} 45. g4 {[%clk 0:00:24]}  Ne7 {[%clk 0:01:09]} 46. Re1 {[%clk 0:00:23]}  Qc3 {[%clk 0:01:08]} 47. Qe2 {[%clk 0:00:20]}  Rd7 {[%clk 0:01:02]} 48. Rd1 {[%clk 0:00:18]}  Ra7 {[%clk 0:00:56]} 49. Kh2 {[%clk 0:00:13]}  Qc7+ {[%clk 0:00:49]} 50. Kg1 {[%clk 0:00:13]}  Qf4 {[%clk 0:00:49]} 51. Qb2+ {[%clk 0:00:13]}  Qf6 {[%clk 0:00:49]} 52. Qe2 {[%clk 0:00:13]}  g5 {[%clk 0:00:45]} 53. Qe3 {[%clk 0:00:13]}  Ra4 {[%clk 0:00:40]} 54. Rc1 {[%clk 0:00:12]}  Ng6 {[%clk 0:00:39]} 55. Rc7 {[%clk 0:00:10]}  Ra1+ {[%clk 0:00:27]} 56. Bf1 {[%clk 0:00:10]}  Qe5 {[%clk 0:00:25]} 57. Qxe5+ {[%clk 0:00:08]}  Nxe5 {[%clk 0:00:25]} 58. Kg2 {[%clk 0:00:09]}  Ra3 {[%clk 0:00:25]} 59. Be2 {[%clk 0:00:09]}  Ng6 {[%clk 0:00:25]} 60. Bf1 {[%clk 0:00:07]}  Nf4+ {[%clk 0:00:26]} 61. Kh2 {[%clk 0:00:08]}  Kf6 {[%clk 0:00:26]} 62. Rb7 {[%clk 0:00:07]}  Rf3 {[%clk 0:00:26]} 63. Rb2 {[%clk 0:00:08]}  Rc3 {[%clk 0:00:26]} 64. Rd2 {[%clk 0:00:08]}  Rc1 {[%clk 0:00:26]} 65. Kg1 {[%clk 0:00:07]}  Nxh3+ {[%clk 0:00:26]} 66. Kg2 {[%clk 0:00:08]}  Nf4+ {[%clk 0:00:26]} 67. Kg1 {[%clk 0:00:09]}  Rc7 {[%clk 0:00:26]} 68. Ba6 {[%clk 0:00:07]}  Ke5 {[%clk 0:00:26]} 69. Kh2 {[%clk 0:00:07]}  f5 {[%clk 0:00:26]} 70. gxf5 {[%clk 0:00:07]}  exf5 {[%clk 0:00:27]} 71. Rd1 {[%clk 0:00:07]}  g4 {[%clk 0:00:27]} 72. Re1+ {[%clk 0:00:07]}  Kf6 {[%clk 0:00:28]} 73. Bf1 {[%clk 0:00:06]}  Rc2 {[%clk 0:00:28]} 74. Kg1 {[%clk 0:00:07]}  Ng6 {[%clk 0:00:26]} 75. Re8 {[%clk 0:00:07]}  Ne5 {[%clk 0:00:26]} 76. Rf8+ {[%clk 0:00:07]}  Kg5 {[%clk 0:00:26]} 77. Re8 {[%clk 0:00:07]}  Nf3+ {[%clk 0:00:26]} 78. Kg2 {[%clk 0:00:07]}  Kf4 {[%clk 0:00:27]} 79. Bd3 {[%clk 0:00:06]}  h3+ {[%clk 0:00:26]} 80. Kf1 {[%clk 0:00:06]}  Rc1+ {[%clk 0:00:27]} 81. Ke2 {[%clk 0:00:06]}  Re1# {[%clk 0:00:26]} 0-1

[Event "April 9 Early 2024"]
[Site "Chess.com"]
[Date "2024.04.09"]
[Round "11"]
[White "Sahib Singh"]
[Black "Mekhitarian, Krikor Sevag"]
[Result "1-0"]
[Board "47"]
[WhiteFideId "25618342"]
[BlackFideId "2107660"]
[WhiteTitle "FM"]
[BlackTitle "GM"]
[WhiteElo "2624"]
[BlackElo "2837"]
[WhiteTeam "IND"]
[BlackTeam "BRA"]
[WhiteClock "0:00:04"]
[BlackClock "0:00:01"]
[Variant "Standard"]

1. e4 {[%clk 0:03:00]}  c5 {[%clk 0:02:57]} 2. Nf3 {[%clk 0:03:00]}  Nc6 {[%clk 0:02:56]} 3. d4 {[%clk 0:03:00]}  cxd4 {[%clk 0:02:57]} 4. Nxd4 {[%clk 0:03:01]}  Nf6 {[%clk 0:02:54]} 5. Nc3 {[%clk 0:03:00]}  e5 {[%clk 0:02:55]} 6. Ndb5 {[%clk 0:03:00]}  d6 {[%clk 0:02:54]} 7. Bg5 {[%clk 0:03:00]}  a6 {[%clk 0:02:54]} 8. Na3 {[%clk 0:03:00]}  b5 {[%clk 0:02:54]} 9. Nd5 {[%clk 0:03:01]}  Be7 {[%clk 0:02:54]} 10. Bxf6 {[%clk 0:03:01]}  Bxf6 {[%clk 0:02:54]} 11. c3 {[%clk 0:03:02]}  Bg5 {[%clk 0:02:53]} 12. Nc2 {[%clk 0:03:02]}  Rb8 {[%clk 0:02:53]} 13. a4 {[%clk 0:02:48]}  bxa4 {[%clk 0:02:54]} 14. Ncb4 {[%clk 0:02:46]}  Nxb4 {[%clk 0:02:54]} 15. Nxb4 {[%clk 0:02:18]}  Bd7 {[%clk 0:02:39]} 16. Qxd6 {[%clk 0:02:14]}  Be7 {[%clk 0:02:33]} 17. Qxe5 {[%clk 0:02:12]}  O-O {[%clk 0:02:30]} 18. Bxa6 {[%clk 0:01:19]}  Re8 {[%clk 0:01:48]} 19. Qd5 {[%clk 0:00:44]}  Bxb4 {[%clk 0:00:52]} 20. cxb4 {[%clk 0:00:43]}  Qb6 {[%clk 0:00:44]} 21. O-O {[%clk 0:00:28]}  Bc6 {[%clk 0:00:32]} 22. Qa5 {[%clk 0:00:28]}  Qxb4 {[%clk 0:00:22]} 23. Qxb4 {[%clk 0:00:26]}  Rxb4 {[%clk 0:00:23]} 24. Rfc1 {[%clk 0:00:11]}  Bxe4 {[%clk 0:00:17]} 25. Rc4 {[%clk 0:00:11]}  Rxc4 {[%clk 0:00:13]} 26. Bxc4 {[%clk 0:00:11]}  Bc6 {[%clk 0:00:13]} 27. b3 {[%clk 0:00:10]}  a3 {[%clk 0:00:08]} 28. Kf1 {[%clk 0:00:03]}  Ra8 {[%clk 0:00:07]} 29. Ra2 {[%clk 0:00:02]}  Kf8 {[%clk 0:00:07]} 30. f3 {[%clk 0:00:03]}  Ke7 {[%clk 0:00:08]} 31. Ke2 {[%clk 0:00:04]}  f5 {[%clk 0:00:07]} 32. Kd3 {[%clk 0:00:05]}  Kd6 {[%clk 0:00:07]} 33. Kc3 {[%clk 0:00:05]}  Kc5 {[%clk 0:00:06]} 34. b4+ {[%clk 0:00:06]}  Kb6 {[%clk 0:00:06]} 35. Kb3 {[%clk 0:00:05]}  Ba4+ {[%clk 0:00:05]} 36. Kxa3 {[%clk 0:00:05]}  Bb5+ {[%clk 0:00:05]} 37. Kb2 {[%clk 0:00:05]}  Re8 {[%clk 0:00:01]} 38. Bxb5 {[%clk 0:00:04]}  Kxb5 {[%clk 0:00:02]} 39. Kc3 {[%clk 0:00:04]}  Rc8+ {[%clk 0:00:02]} 40. Kd4 {[%clk 0:00:04]}  Kxb4 {[%clk 0:00:02]} 41. Rb2+ {[%clk 0:00:04]}  Ka5 {[%clk 0:00:02]} 42. Rb7 {[%clk 0:00:05]}  Rc2 {[%clk 0:00:02]} 43. Rxg7 {[%clk 0:00:05]}  h5 {[%clk 0:00:02]} 44. Rg5 {[%clk 0:00:05]}  Kb4 {[%clk 0:00:03]} 45. Rxf5 {[%clk 0:00:03]}  Rxg2 {[%clk 0:00:03]} 46. Rxh5 {[%clk 0:00:04]}  Rg1 {[%clk 0:00:03]} 47. f4 {[%clk 0:00:04]}  Rd1+ {[%clk 0:00:03]} 48. Ke4 {[%clk 0:00:05]}  Kc4 {[%clk 0:00:03]} 49. f5 {[%clk 0:00:05]}  Re1+ {[%clk 0:00:04]} 50. Kf4 {[%clk 0:00:05]}  Kd5 {[%clk 0:00:05]} 51. Rh3 {[%clk 0:00:05]}  Rh1 {[%clk 0:00:03]} 52. Rd3+ {[%clk 0:00:05]}  Kc6 {[%clk 0:00:03]} 53. Rd2 {[%clk 0:00:06]}  Rf1+ {[%clk 0:00:02]} 54. Kg5 {[%clk 0:00:06]}  Rg1+ {[%clk 0:00:02]} 55. Kf6 {[%clk 0:00:07]}  Ra1 {[%clk 0:00:02]} 56. Ke6 {[%clk 0:00:07]}  Re1+ {[%clk 0:00:02]} 57. Kf7 {[%clk 0:00:08]}  Rh1 {[%clk 0:00:03]} 58. f6 {[%clk 0:00:08]}  Kc7 {[%clk 0:00:04]} 59. Ke7 {[%clk 0:00:08]}  Re1+ {[%clk 0:00:04]} 60. Kf8 {[%clk 0:00:09]}  Rg1 {[%clk 0:00:02]} 61. f7 {[%clk 0:00:09]}  Re1 {[%clk 0:00:03]} 62. Rd4 {[%clk 0:00:05]}  Re2 {[%clk 0:00:02]} 63. Kg7 {[%clk 0:00:05]}  Rg2+ {[%clk 0:00:02]} 64. Kf6 {[%clk 0:00:06]}  Rf2+ {[%clk 0:00:03]} 65. Kg6 {[%clk 0:00:06]}  Kc6 {[%clk 0:00:02]} 66. Rd8 {[%clk 0:00:05]}  Rg2+ {[%clk 0:00:02]} 67. Kh5 {[%clk 0:00:04]}  Rxh2+ {[%clk 0:00:01]} 68. Kg4 {[%clk 0:00:04]} 1-0

[Event "April 9 Early 2024"]
[Site "Chess.com"]
[Date "2024.04.09"]
[Round "11"]
[White "John Veny Akkarakaran"]
[Black "Sielecki, Christof"]
[Result "1-0"]
[Board "49"]
[WhiteFideId "46665773"]
[BlackFideId "4620437"]
[WhiteTitle "FM"]
[BlackTitle "IM"]
[WhiteElo "2762"]
[BlackElo "2619"]
[WhiteTeam "IND"]
[BlackTeam "GER"]
[WhiteClock "0:01:35"]
[BlackClock "0:00:16"]
[Variant "Standard"]

1. c4 {[%clk 0:03:00]}  e5 {[%clk 0:02:55]} 2. Nc3 {[%clk 0:03:00]}  Nc6 {[%clk 0:02:55]} 3. Nf3 {[%clk 0:03:01]}  Bc5 {[%clk 0:02:54]} 4. g3 {[%clk 0:02:58]}  d6 {[%clk 0:02:52]} 5. Bg2 {[%clk 0:02:57]}  a6 {[%clk 0:02:53]} 6. O-O {[%clk 0:02:57]}  Ba7 {[%clk 0:02:54]} 7. e3 {[%clk 0:02:57]}  Nge7 {[%clk 0:02:53]} 8. d4 {[%clk 0:02:58]}  exd4 {[%clk 0:02:53]} 9. exd4 {[%clk 0:02:58]}  Bg4 {[%clk 0:02:44]} 10. Ne2 {[%clk 0:02:51]}  O-O {[%clk 0:02:40]} 11. b3 {[%clk 0:02:47]}  Re8 {[%clk 0:02:28]} 12. Bb2 {[%clk 0:02:47]}  d5 {[%clk 0:02:06]} 13. h3 {[%clk 0:02:44]}  Bxf3 {[%clk 0:02:01]} 14. Bxf3 {[%clk 0:02:43]}  dxc4 {[%clk 0:01:59]} 15. d5 {[%clk 0:02:36]}  Nb4 {[%clk 0:01:30]} 16. bxc4 {[%clk 0:02:33]}  a5 {[%clk 0:01:28]} 17. Kg2 {[%clk 0:02:25]}  Ng6 {[%clk 0:01:12]} 18. a3 {[%clk 0:02:12]}  Na6 {[%clk 0:01:12]} 19. Qc2 {[%clk 0:02:13]}  Qg5 {[%clk 0:01:02]} 20. Kh1 {[%clk 0:02:05]}  Re7 {[%clk 0:00:55]} 21. Nd4 {[%clk 0:01:57]}  Ne5 {[%clk 0:00:23]} 22. Bg2 {[%clk 0:01:52]}  Qh5 {[%clk 0:00:20]} 23. Rae1 {[%clk 0:01:38]}  Rae8 {[%clk 0:00:16]} 24. Nf5 {[%clk 0:01:35]} 1-0

[Event "April 9 Early 2024"]
[Site "Chess.com"]
[Date "2024.04.09"]
[Round "11"]
[White "Nigalidze, Gaioz"]
[Black "Goltseva, Ekaterina"]
[Result "1-0"]
[Board "50"]
[WhiteFideId "13603078"]
[BlackFideId "24173770"]
[WhiteTitle "IM"]
[BlackTitle "FM"]
[WhiteElo "2724"]
[BlackElo "2614"]
[WhiteTeam "GEO"]
[BlackTeam "RUS"]
[WhiteClock "0:00:07"]
[BlackClock "0:00:00"]
[Variant "Standard"]

1. e4 {[%clk 0:03:00]}  e6 {[%clk 0:02:54]} 2. d4 {[%clk 0:03:00]}  d5 {[%clk 0:02:55]} 3. e5 {[%clk 0:03:00]}  c5 {[%clk 0:02:55]} 4. c3 {[%clk 0:03:01]}  Qa5 {[%clk 0:02:55]} 5. dxc5 {[%clk 0:02:58]}  Qc7 {[%clk 0:02:55]} 6. Nf3 {[%clk 0:02:58]}  Nc6 {[%clk 0:02:51]} 7. Bb5 {[%clk 0:02:57]}  Bxc5 {[%clk 0:02:49]} 8. Bf4 {[%clk 0:02:54]}  Ne7 {[%clk 0:02:43]} 9. O-O {[%clk 0:02:53]}  Bd7 {[%clk 0:02:28]} 10. Qe2 {[%clk 0:02:47]}  a6 {[%clk 0:02:05]} 11. Bd3 {[%clk 0:02:46]}  h6 {[%clk 0:01:53]} 12. h4 {[%clk 0:02:42]}  O-O-O {[%clk 0:01:41]} 13. b4 {[%clk 0:02:42]}  Ba7 {[%clk 0:01:40]} 14. a4 {[%clk 0:02:39]}  Ng6 {[%clk 0:01:30]} 15. Bg3 {[%clk 0:02:32]}  Nce7 {[%clk 0:01:29]} 16. h5 {[%clk 0:02:14]}  Nf8 {[%clk 0:01:24]} 17. Nbd2 {[%clk 0:02:05]}  Nf5 {[%clk 0:01:18]} 18. Bxf5 {[%clk 0:02:05]}  exf5 {[%clk 0:01:18]} 19. c4 {[%clk 0:01:52]}  f4 {[%clk 0:00:33]} 20. Bxf4 {[%clk 0:01:42]}  Ne6 {[%clk 0:00:30]} 21. Bh2 {[%clk 0:01:42]}  d4 {[%clk 0:00:17]} 22. Ne4 {[%clk 0:01:42]}  Kb8 {[%clk 0:00:15]} 23. Nd6 {[%clk 0:01:43]}  g6 {[%clk 0:00:08]} 24. Nxf7 {[%clk 0:01:33]}  gxh5 {[%clk 0:00:08]} 25. Nxh8 {[%clk 0:01:29]}  Rxh8 {[%clk 0:00:09]} 26. c5 {[%clk 0:01:27]}  Rg8 {[%clk 0:00:07]} 27. Rfc1 {[%clk 0:01:17]}  a5 {[%clk 0:00:08]} 28. b5 {[%clk 0:01:15]}  Bxc5 {[%clk 0:00:07]} 29. Qc4 {[%clk 0:00:54]}  b6 {[%clk 0:00:06]} 30. Bg3 {[%clk 0:00:31]}  Rg4 {[%clk 0:00:06]} 31. Qd5 {[%clk 0:00:25]}  Bc8 {[%clk 0:00:07]} 32. Qc6 {[%clk 0:00:18]}  Qe7 {[%clk 0:00:06]} 33. Qd5 {[%clk 0:00:16]}  Bb7 {[%clk 0:00:06]} 34. Qb3 {[%clk 0:00:16]}  h4 {[%clk 0:00:05]} 35. Nxh4 {[%clk 0:00:15]}  Nf4 {[%clk 0:00:03]} 36. Bxf4 {[%clk 0:00:13]}  Rxf4 {[%clk 0:00:04]} 37. g3 {[%clk 0:00:10]}  Rxh4 {[%clk 0:00:03]} 38. gxh4 {[%clk 0:00:10]}  Qg7+ {[%clk 0:00:03]} 39. Qg3 {[%clk 0:00:10]}  Qe7 {[%clk 0:00:01]} 40. e6+ {[%clk 0:00:09]}  Ka7 {[%clk 0:00:01]} 41. Rxc5 {[%clk 0:00:10]}  Qxc5 {[%clk 0:00:02]} 42. Re1 {[%clk 0:00:10]}  Qd5 {[%clk 0:00:02]} 43. f3 {[%clk 0:00:10]}  d3 {[%clk 0:00:03]} 44. e7 {[%clk 0:00:10]}  d2 {[%clk 0:00:03]} 45. e8=Q {[%clk 0:00:10]}  d1=Q {[%clk 0:00:03]} 46. Rxd1 {[%clk 0:00:11]}  Qxd1+ {[%clk 0:00:04]} 47. Qee1 {[%clk 0:00:11]}  Qd4+ {[%clk 0:00:04]} 48. Qef2 {[%clk 0:00:11]}  Qxa4 {[%clk 0:00:03]} 49. Qc7 {[%clk 0:00:11]}  Qxb5 {[%clk 0:00:03]} 50. Kh2 {[%clk 0:00:11]}  Qb1 {[%clk 0:00:03]} 51. Qe5 {[%clk 0:00:09]}  a4 {[%clk 0:00:03]} 52. Qed4 {[%clk 0:00:08]}  Qb3 {[%clk 0:00:03]} 53. Qfe3 {[%clk 0:00:08]}  Qc2+ {[%clk 0:00:03]} 54. Kg3 {[%clk 0:00:08]}  Qb3 {[%clk 0:00:02]} 55. Qxb3 {[%clk 0:00:07]}  axb3 {[%clk 0:00:00]} 56. Qb4 {[%clk 0:00:07]} 1-0

[Event "April 9 Early 2024"]
[Site "Chess.com"]
[Date "2024.04.09"]
[Round "11"]
[White "Al-Tarboush, Ward"]
[Black "Caspi, Israel"]
[Result "0-1"]
[Board "53"]
[WhiteFideId "7601450"]
[BlackFideId "2807394"]
[WhiteTitle "FM"]
[BlackTitle "GM"]
[WhiteElo "2580"]
[BlackElo "2698"]
[WhiteTeam "NOR"]
[BlackTeam "ISR"]
[WhiteClock "0:00:00"]
[BlackClock "0:01:29"]
[Variant "Standard"]

1. e4 {[%clk 0:03:00]}  e6 {[%clk 0:02:57]} 2. d4 {[%clk 0:03:00]}  b6 {[%clk 0:02:55]} 3. Nf3 {[%clk 0:02:56]}  Bb7 {[%clk 0:02:50]} 4. Bd3 {[%clk 0:02:56]}  Nf6 {[%clk 0:02:50]} 5. e5 {[%clk 0:02:56]}  Ne4 {[%clk 0:02:49]} 6. Qe2 {[%clk 0:02:53]}  d5 {[%clk 0:02:50]} 7. Nbd2 {[%clk 0:02:34]}  Nxd2 {[%clk 0:02:49]} 8. Bxd2 {[%clk 0:02:35]}  c5 {[%clk 0:02:49]} 9. c3 {[%clk 0:02:34]}  Be7 {[%clk 0:02:48]} 10. O-O {[%clk 0:02:34]}  O-O {[%clk 0:02:47]} 11. g3 {[%clk 0:02:27]}  a5 {[%clk 0:02:46]} 12. h4 {[%clk 0:02:19]}  Ba6 {[%clk 0:02:46]} 13. Ng5 {[%clk 0:02:15]}  h6 {[%clk 0:02:44]} 14. Nh3 {[%clk 0:01:57]}  Bxd3 {[%clk 0:02:41]} 15. Qxd3 {[%clk 0:01:57]}  Nc6 {[%clk 0:02:41]} 16. Nf4 {[%clk 0:01:51]}  Qc8 {[%clk 0:02:33]} 17. Rac1 {[%clk 0:01:41]}  Qa6 {[%clk 0:02:33]} 18. Qf3 {[%clk 0:01:41]}  cxd4 {[%clk 0:02:31]} 19. cxd4 {[%clk 0:01:22]}  Nxd4 {[%clk 0:02:31]} 20. Qg4 {[%clk 0:01:22]}  Rac8 {[%clk 0:02:22]} 21. Nh5 {[%clk 0:01:11]}  Ne2+ {[%clk 0:01:59]} 22. Kh2 {[%clk 0:01:07]}  g6 {[%clk 0:01:59]} 23. Bxh6 {[%clk 0:00:44]}  Nxc1 {[%clk 0:01:58]} 24. Rxc1 {[%clk 0:00:24]}  Rxc1 {[%clk 0:01:57]} 25. Bxc1 {[%clk 0:00:25]}  Qc4 {[%clk 0:01:48]} 26. Bf4 {[%clk 0:00:19]}  Rc8 {[%clk 0:01:41]} 27. Nf6+ {[%clk 0:00:18]}  Bxf6 {[%clk 0:01:41]} 28. exf6 {[%clk 0:00:19]}  e5 {[%clk 0:01:36]} 29. Qg5 {[%clk 0:00:17]}  Qe2 {[%clk 0:01:33]} 30. Be3 {[%clk 0:00:12]}  Qh5 {[%clk 0:01:31]} 31. Qxh5 {[%clk 0:00:09]}  gxh5 {[%clk 0:01:31]} 32. Bxb6 {[%clk 0:00:09]}  Rb8 {[%clk 0:01:30]} 33. Bxa5 {[%clk 0:00:04]}  Rxb2 {[%clk 0:01:30]} 34. Kg2 {[%clk 0:00:04]}  d4 {[%clk 0:01:30]} 35. Bc7 {[%clk 0:00:02]}  e4 {[%clk 0:01:30]} 36. Be5 {[%clk 0:00:00]}  d3 {[%clk 0:01:29]} 0-1

[Event "April 9 Early 2024"]
[Site "Chess.com"]
[Date "2024.04.09"]
[Round "11"]
[White "Kaliakhmet, Elnaz"]
[Black "Mirzoev, Azer"]
[Result "0-1"]
[Board "55"]
[WhiteFideId "13730169"]
[BlackFideId "13400304"]
[WhiteTitle "WFM"]
[BlackTitle "GM"]
[WhiteElo "2577"]
[BlackElo "2673"]
[WhiteTeam "KAZ"]
[BlackTeam "AZE"]
[WhiteClock "0:00:00"]
[BlackClock "0:00:06"]
[Variant "Standard"]

1. d4 {[%clk 0:03:00]}  c6 {[%clk 0:03:00]} 2. c4 {[%clk 0:02:55]}  d5 {[%clk 0:03:01]} 3. Nf3 {[%clk 0:02:55]}  Nf6 {[%clk 0:03:01]} 4. Nc3 {[%clk 0:02:56]}  dxc4 {[%clk 0:03:01]} 5. a4 {[%clk 0:02:55]}  Bf5 {[%clk 0:03:01]} 6. e3 {[%clk 0:02:55]}  e6 {[%clk 0:03:02]} 7. Bxc4 {[%clk 0:02:56]}  Bb4 {[%clk 0:03:01]} 8. O-O {[%clk 0:02:56]}  O-O {[%clk 0:02:59]} 9. Qe2 {[%clk 0:02:57]}  Nbd7 {[%clk 0:02:53]} 10. e4 {[%clk 0:02:57]}  Bg6 {[%clk 0:02:53]} 11. Bd3 {[%clk 0:02:58]}  Bh5 {[%clk 0:02:50]} 12. e5 {[%clk 0:02:57]}  Nd5 {[%clk 0:02:51]} 13. Nxd5 {[%clk 0:02:57]}  cxd5 {[%clk 0:02:51]} 14. Qe3 {[%clk 0:02:58]}  Re8 {[%clk 0:02:44]} 15. Ng5 {[%clk 0:02:41]}  Bg6 {[%clk 0:02:41]} 16. Bxg6 {[%clk 0:02:40]}  fxg6 {[%clk 0:02:42]} 17. Qf3 {[%clk 0:02:26]}  Qe7 {[%clk 0:02:33]} 18. a5 {[%clk 0:02:22]}  Rac8 {[%clk 0:02:25]} 19. Be3 {[%clk 0:02:20]}  h6 {[%clk 0:02:15]} 20. Nh3 {[%clk 0:02:19]}  Qf7 {[%clk 0:02:06]} 21. Qe2 {[%clk 0:02:14]}  a6 {[%clk 0:02:01]} 22. Rfc1 {[%clk 0:02:09]}  g5 {[%clk 0:01:54]} 23. f3 {[%clk 0:01:58]}  Nb8 {[%clk 0:01:50]} 24. Bd2 {[%clk 0:01:56]}  Bxd2 {[%clk 0:01:45]} 25. Qxd2 {[%clk 0:01:57]}  Nc6 {[%clk 0:01:45]} 26. Nf2 {[%clk 0:01:57]}  Rc7 {[%clk 0:01:44]} 27. Rc5 {[%clk 0:01:53]}  Na7 {[%clk 0:01:29]} 28. Rac1 {[%clk 0:01:50]}  Rxc5 {[%clk 0:01:29]} 29. Rxc5 {[%clk 0:01:50]}  Nc6 {[%clk 0:01:29]} 30. Rc1 {[%clk 0:01:29]}  Rf8 {[%clk 0:01:27]} 31. Qc3 {[%clk 0:01:20]}  Qc7 {[%clk 0:01:09]} 32. b4 {[%clk 0:01:18]}  Qe7 {[%clk 0:01:06]} 33. Nd3 {[%clk 0:01:15]}  Kh8 {[%clk 0:00:59]} 34. Nc5 {[%clk 0:01:12]}  Rf4 {[%clk 0:00:51]} 35. Rd1 {[%clk 0:01:12]}  Na7 {[%clk 0:00:46]} 36. Nd3 {[%clk 0:01:04]}  Rf7 {[%clk 0:00:42]} 37. Nc5 {[%clk 0:00:55]}  Nb5 {[%clk 0:00:41]} 38. Qd3 {[%clk 0:00:47]}  Rf4 {[%clk 0:00:38]} 39. Qe3 {[%clk 0:00:48]}  Qf7 {[%clk 0:00:34]} 40. Rd2 {[%clk 0:00:45]}  Kg8 {[%clk 0:00:33]} 41. Rd1 {[%clk 0:00:45]}  h5 {[%clk 0:00:33]} 42. Nb3 {[%clk 0:00:41]}  Qf5 {[%clk 0:00:29]} 43. Rc1 {[%clk 0:00:40]}  g4 {[%clk 0:00:26]} 44. fxg4 {[%clk 0:00:36]}  hxg4 {[%clk 0:00:25]} 45. Rd1 {[%clk 0:00:23]}  Re4 {[%clk 0:00:24]} 46. Qf2 {[%clk 0:00:20]}  Rf4 {[%clk 0:00:23]} 47. Qe3 {[%clk 0:00:20]}  Kh7 {[%clk 0:00:22]} 48. Qd3 {[%clk 0:00:15]}  Kg6 {[%clk 0:00:16]} 49. Qxf5+ {[%clk 0:00:14]}  Kxf5 {[%clk 0:00:16]} 50. g3 {[%clk 0:00:13]}  Rf3 {[%clk 0:00:15]} 51. Nc5 {[%clk 0:00:13]}  Nc3 {[%clk 0:00:15]} 52. Re1 {[%clk 0:00:11]}  Nb5 {[%clk 0:00:12]} 53. Nxb7 {[%clk 0:00:08]}  Nxd4 {[%clk 0:00:12]} 54. Nc5 {[%clk 0:00:09]}  Nc2 {[%clk 0:00:11]} 55. Rb1 {[%clk 0:00:06]}  d4 {[%clk 0:00:07]} 56. Nxa6 {[%clk 0:00:06]}  d3 {[%clk 0:00:08]} 57. Nc5 {[%clk 0:00:06]}  d2 {[%clk 0:00:08]} 58. Nb3 {[%clk 0:00:05]}  Rxb3 {[%clk 0:00:05]} 59. Rd1 {[%clk 0:00:06]}  Rd3 {[%clk 0:00:05]} 60. a6 {[%clk 0:00:05]}  Ne3 {[%clk 0:00:05]} 61. a7 {[%clk 0:00:03]}  Nxd1 {[%clk 0:00:06]} 62. a8=Q {[%clk 0:00:04]}  Ne3 {[%clk 0:00:06]} 63. Qf8+ {[%clk 0:00:02]}  Ke4 {[%clk 0:00:05]} 64. Qa8+ {[%clk 0:00:02]}  Kxe5 {[%clk 0:00:05]} 65. Qb8+ {[%clk 0:00:02]}  Kd4 {[%clk 0:00:05]} 66. Qd6+ {[%clk 0:00:02]}  Kc3 {[%clk 0:00:06]} 67. Qc5+ {[%clk 0:00:00]}  Kb3 {[%clk 0:00:06]} 0-1